000 00687nam a2200241Ia 4500
003 OSt
005 20220928114842.0
006 a|||||r|||| 00| 0
007 ta
008 220927b |||||||| |||| 00| 0 eng d
024 _a39168
037 _cTextual
040 _aSDCL
_cSDCL
_beng
041 _2eng
_aeng
082 _aV2:9'N9, N2
100 _aMitra Subrata K
245 0 _aElectoral politics in India
_b A changing landscape
260 _aNew Delhi
_bSegment Books
_c1992
300 _ax,285p
_ccm.
700 _a Chiriyankandath James
_9441329
942 _hV2:9'N9, N2
_cTEXL
_2CC
999 _c756755
_d756755